| 000 | 01637cam a2200469 a 4500 | ||
|---|---|---|---|
| 001 | 22579 | ||
| 003 | SK-KTurca | ||
| 005 | 20260401141021.0 | ||
| 008 | 160610s2012 xr j 010 f slo | ||
| 015 | _aSNBZSA2015 | ||
| 020 |
_a9788074471261 _q(brožované) |
||
| 035 | _a3ACE0D2E-1B6B-46F9-A58D-D865A2D0E671 | ||
| 035 | _aurn:nbn:sk:snk-amlfk5 | ||
| 035 | _aurn:nbn:sk:snk-am008xlt | ||
| 040 |
_aPPPK _bslo _cPPPK _dSNK _eAACR2 |
||
| 041 | 1 |
_aslo _heng |
|
| 044 |
_axr _cCZ |
||
| 072 | 7 |
_a821.111(73)-3 _xAmerická próza _2konspekt |
|
| 072 | 7 |
_a821-93 _xLiteratúra pre deti a mládež (beletria) _2konspekt |
|
| 080 |
_a821.111(73)-31 _22001 |
||
| 080 |
_a82-93-053.4/.5 _22011 |
||
| 100 | 1 |
_aPetroff, Shani _4aut |
|
| 240 | 1 | 0 |
_aBedeviled: Daddy’s Little Angel _lSlovensky |
| 245 | 1 | 0 |
_aPočertená _n[1] _pOckov anjelik _cShani Petroffová ; preložila Zuzana Lorková |
| 246 | 3 | 0 | _aOckov anjelik |
| 250 | _a1. slov. vyd. | ||
| 260 |
_aV Prahe _bCooBoo _c2012 |
||
| 300 |
_a245 s. _c21 cm |
||
| 500 | _aPreložené z angličtiny | ||
| 500 | _aVydalo vydavateľstvo CooBoo v spoločnosti Albatros Media, a. s. | ||
| 500 | _aObsahuje stručné profesijné údaje o autorke | ||
| 655 | 7 |
_aamerické romány _2SNKPH |
|
| 655 | 7 |
_aliteratúra pre deti _2SNKPH |
|
| 655 | 7 |
_aAmerican fiction _2SNKPH |
|
| 655 | 7 |
_aChildren’s literature _2SNKPH |
|
| 700 | 1 |
_aMočková Lorková, Zuzana, _d1985- _4trl |
|
| 710 | 2 |
_aAlbatros Media Slovakia. _bCooBoo _4pbl |
|
| 752 |
_aČesko _dPraha |
||
| 787 | 0 | 8 |
_iZo série: _tPočertená _g1 |
| 942 |
_2ddc _cKLDE _n0 |
||
| 999 |
_c22579 _d22579 |
||